Missing Word: 3-Letter Words in Band Names Quiz Stats

 Plays Quiz Updated Apr 29, 2019

Score 0/18 Timer 02:30
1 Play Today
Band name Missing Word % Correct
___ JoviBon
99.5%
Red ___ Chili Peppers Hot
99.3%
The ___ Gees Bee
98.5%
___ Zeppelin Led
98.1%
Fleetwood ___ Mac
96.2%
___ Halen Van
95.1%
___ DirectionOne
94.1%
___ Pistols Sex
93.4%
___ LeppardDef
93%
Band name Missing Word % Correct
Green ___Day
90.7%
Fall Out ___Boy
87.3%
Steely ___Dan
84.9%
___ OrderNew
71.6%
___ and the Family Stone Sly
71.1%
T. ___ Rex
62.2%
___ Division Joy
54.5%
Ram ___Jam
50.4%
___ 41Sum
48.8%

Today's Daily Dose

You're not logged in!

Compare scores with friends on all Sporcle quizzes.
OR
Log In

Sporcle TV

Today on Sporcle TV


Watch our educational content, quiz creation guides, and fun videos on Sporcle TV.

Show Comments

Extras

Top Quizzes Today


Score Distribution

Your Account Isn't Verified!

In order to create a playlist on Sporcle, you need to verify the email address you used during registration. Go to your Sporcle Settings to finish the process.

Report this User

Report this user for behavior that violates our Community Guidelines.

Details: